ბათუმის შოთა რუსთაველის სახელმწიფო უნივერსიტეტის ბიბლიოთეკა

განწყობის ფსიქოლოგიის აქტუალური პრობლემები / (ბიბ.ჩანაწერი № 38780)

000 -ლიდერი
ფიქსირებული სიგრძის საკონტროლო ველი 01152nam a2200253Ia 4500
001 - საკონტროლო ნომერი
საკონტროლო ველი 5129
003 - საკონტროლო ნომრის იდენტიფიკატორი
საკონტროლო ველი GE_BSU
005 - ბოლო ოპერაციის თარიღი და დრო
საკონტროლო ველი 20190621204913.0
008 - ფიქსირებული სიგრძის მონაცემთა ელემენტები - ზოგადი ინფორმაცია
ფიქსირებული სიგრძის საკონტროლო ველი 181216s2001||||ge |||||||||||||| ||geo||
040 ## - კატალოგიზაციის წყარო
Transcribing agency GE_BSU
041 ## - ენის კოდი
Language code of text/sound track or separate title geo
080 ## - უნივერსალური ათობითი კლასიფიკაციის ინდექსი
Universal Decimal Classification number 159.923 ჩ-12
100 ## - მთავარი ჩანაწერი - პიროვნების სახელი
Personal name ჩაგანავა,გურამ.
9 (RLIN) 376
245 ## - ცნობა სათაურის შესახებ
Title განწყობის ფსიქოლოგიის აქტუალური პრობლემები /
Statement of responsibility, etc გურამ ჩაგანავა ; რედ. ნ. ბარამიძე.
264 ## - წარმოების, გამოცემის, დისტრიბუციის და სხვა ცნობები
გამოცემის, წარმოების, დისტრიბუციის... ადგილი ბათუმი :
გამოცემის, წარმოების, დისტრიბუციის... სახელწოდება გამ-ბა აჭარა ,
გამოცემის, წარმოების, დისტრიბუციის... თარიღი 2001.
300 ## - ფიზიკური აღწერა
Extent 224 გვ :
Dimensions 20სმ .
504 ## - BIBLIOGRAPHY, ETC. NOTE
Bibliography, etc ბიბლიოგრ. :გვ .214-222.
520 ## - SUMMARY, ETC.
Summary, etc რეზიუმე ინგლისურ და რუსულ ენებზე
653 ## - INDEX TERM--UNCONTROLLED
Uncontrolled term განწყობის ფსიქოლოგიის აქტუალური პრობლემები
653 ## - INDEX TERM--UNCONTROLLED
Uncontrolled term ფსიქოლოგია .
700 ## - ADDED ENTRY--PERSONAL NAME
Personal name ბარამიძე ნოდარ
Relator term რედაქტორი
9 (RLIN) 377
942 ## - ADDED ENTRY ELEMENTS (KOHA)
Koha item type წიგნი
Source of classification or shelving scheme
ეგზემპლარები
ჩამოწერის სტატუსი დაკარგული ეგზემპლარის სტატუსი კლასიფიკაციის წყარო ან თაროზე გაწყობის სქემა დაზიანების სტატუსი არ გაიცემა მუდმივი მდებარეობა (დაცვის ადგილი) ამჟამინდელი ადგილსამყოფელი თაროზე განთავსების ადგილი შეძენის თარიღი ღირებულება, შესყიდვის ნორმალური ფასი სრული შენახვის შიფრი შტრიხკოდი ბოლო ოპერაციის თარიღი ეგზემპლარის მიმდევრობითი ნომერი (კეტერი?) ფასის ძალაში შესვლის თარიღი ეგზემპლარის სახეობა საჯარო შენიშვნა
          ტექნოლოგიური ფაკულტეტის ბიბლიოთეკა ტექნოლოგიური ფაკულტეტის ბიბლიოთეკა წიგნსაცავი 2018-12-17 10.00 159.923 ჩ-12 7556 2018-12-17 7556 2018-12-17 წიგნი 10 ლ.
          ტექნოლოგიური ფაკულტეტის ბიბლიოთეკა ტექნოლოგიური ფაკულტეტის ბიბლიოთეკა წიგნსაცავი 2018-12-17 10.00 159.923 ჩ-12 12413 2018-12-17 12413 2018-12-17 წიგნი 10 ლ.